| 000 | 01085nam a22002657a 4500 | ||
|---|---|---|---|
| 003 | OSt | ||
| 005 | 20250918062518.0 | ||
| 008 | 240821b ||||| |||| 00| 0 eng d | ||
| 040 | _c0 | ||
| 082 | _aDPer 364.05 J826 Summer-Fall 2017 v. 107 n. 3-4 | ||
| 100 |
_aSarat, Austin. _eauthor. _958781 |
||
| 245 |
_aThe Rhetoric of abolition : _bcontinuity and change in the penalty, 1900-2010 / _cAustin Sarat, Robert Kermes, Haley Cambra, Adelyn Curran, Margaret Kiley, and Keshav Pant. |
||
| 260 |
_aEvanston, Illinois ; _bNorthwestern University Press , _cFall 2017. |
||
| 300 |
_aVolume 107, pages 757-780 : _c26 cm. |
||
| 500 | _aThe Journal of Criminal Law & Criminology, vol. 107, no. 4, pages 757-780, Fall 2017. | ||
| 650 | 0 |
_aCriminal law. _926710 |
|
| 650 | 0 |
_aDeath. _926537 |
|
| 700 |
_aAustin, Sarat. _eauthor. _958782 |
||
| 700 |
_aKermes, Robert. _eauthor. _958783 |
||
| 700 |
_aCambra, Haley. _eauthor. _958784 |
||
| 700 |
_a Curran, Adelyn _eauthor. _958785 |
||
| 700 |
_a Kiley, Margaret. _eauthor. _958786 |
||
| 700 |
_a Pant, Keshav. _eauthor. _958787 |
||
| 942 |
_2ddc _cPER |
||
| 999 |
_c20802 _d20802 |
||